Křivé ostří /

Hlavní autor: Antonín, Martina D., 1978-
Jazyk: Čeština
Vydáno: Praha : Straky na vrbě, 2004
Vydání: Vyd. 1.
Edice: Česká fantastika
Témata:
Fyzický popis: 536 s. : il. ; 17 cm
Knihy
Uloženo v:
LEADER 01066nam a2200337 a 4500
001 000758270
003 CZ BrMZK
005 20050223090246.0
007 ta
008 050105s2004 xr a gr 000 f czeoc
015 |a cnb001491019 
020 |a 80-86428-47-8  |q (brož.) :  |c Kč 225,00 
035 |a (OCoLC)85124416 
040 |a ABA001  |b cze  |d BOA001 
072 7 |a 821.162.3-3  |x Česká próza  |2 Konspekt  |9 25 
080 |a 821.162.3-31  |2 MRF 
080 |a (0:82-312.9)  |2 MRF 
100 1 |a Antonín, Martina D.,  |d 1978-  |7 xx0010114  |4 aut 
245 1 0 |a Křivé ostří /  |c Martin D. Antonín 
250 |a Vyd. 1. 
260 |a Praha :  |b Straky na vrbě,  |c 2004 
300 |a 536 s. :  |b il. ;  |c 17 cm 
490 1 |a Česká fantastika ;  |v 32 
500 |a 2000 výt. 
655 7 |a české romány  |7 fd133974  |2 czenas 
655 7 |a fantasy romány  |7 fd184199  |2 czenas 
830 0 |a Česká fantastika  |0 s 
910 |a BOA001  |b 1-1146.026 
990 |a BK 
991 |b 200502 
996 6 |b 2610238896  |c 1-1146.026  |l MZK  |r Sklad / do 1 hodiny  |n 1  |p p.v.  |w 000758270  |u 000010  |a 1  |e BOA001  |j MZK50  |s P